Gouvernorats du Yémen - Carte Quiz - Statistiques

Statistiques générales
  • Ce quiz a été pris 25 fois
  • Le résultat moyen est 6 sur 22
Réponses sur la Carte
Les réponses sont colorées sur une échelle allant du rouge au vert en fonction du pourcentage des utilisateurs qui les ont devinées à leur premier essai. Vous pouvez retrouver ces pourcentages ci-dessous.
 
Statistiques - réponses
Gouvernorat % Correct
Sanaa
100%
Ville de Sanaa
100%
Aden
80%
Socotra
50%
Al Hodeïda
30%
Hadramaout
30%
Ta'izz
30%
Ibb
20%
Lahij
20%
Ma'rib
20%
Sa'dah
20%
Abyan
10%
Ad Dali'
10%
Al Bayda'
10%
Al Jawf
10%
Al Mahra
10%
Al Mahwit
10%
Amran
10%
Chabwa
10%
Dhamar
10%
Hajjah
10%
Raima
0%
Aucun quiz correspondant
Distribution des résultats
% des personnes avec chaque résultat
Percentile par nombre de réponses
Votre historique - résultats
Vous n’avez pas pris ce quiz